Startupový ekosystém na Slovensku

Prístup k financovaniu start-upov a ich životný cyklus. Start-upy a situácia s pandémiou COVID-19. Vývoj start-upov na Slovensku a predikcia objemu poskytnutých investícií pre start-upy na Slovensku.

Saved in:
Bibliographic Details
Main Author: Štofová, Lenka, 1989-
Format: Book Chapter
Language:Slovak
Subjects:
Tags: Add Tag
No Tags, Be the first to tag this record!

MARC

LEADER 00000naa$a2200000$$$4500
001 0281821
005 20240502074404.7
041 0 |a slo 
044 |a SK 
245 1 0 |a Startupový ekosystém na Slovensku  |c Lenka Štofová 
520 |a Prístup k financovaniu start-upov a ich životný cyklus. Start-upy a situácia s pandémiou COVID-19. Vývoj start-upov na Slovensku a predikcia objemu poskytnutých investícií pre start-upy na Slovensku. 
610 2 0 |a start-up 
610 2 0 |a financovanie 
610 2 0 |a podnikanie 
610 2 0 |a Slovensko 
100 1 |a Štofová, Lenka, 1989-